Richard Neutra : 1950-60 : (Record no. 171031)

MARC details
000 -LEADER
fixed length control field 00843nam a2200229 4500
003 - CONTROL NUMBER IDENTIFIER
control field OSt
005 - DATE AND TIME OF LATEST TRANSACTION
control field 20240919091546.0
008 - FIXED-LENGTH DATA ELEMENTS--GENERAL INFORMATION
fixed length control field 240918b |||||||| |||| 00| 0 eng d
020 ## - INTERNATIONAL STANDARD BOOK NUMBER
International Standard Book Number [Not Defined] (hardcover)
040 ## - CATALOGING SOURCE
Original cataloging agency NUST
Language of cataloging eng
Transcribing agency NUST
Modifying agency NUST
Description conventions rda
050 ## - LIBRARY OF CONGRESS CALL NUMBER
Classification number NA737 RIC
100 ## - MAIN ENTRY--PERSONAL NAME
Personal name Boesiger, W
Fuller form of name W Boesiger
245 ## - TITLE STATEMENT
Title Richard Neutra : 1950-60 :
Remainder of title buildings and projects = Bauten und Projekte /
Statement of responsibility, etc. W.Boesiger
260 ## - PUBLICATION, DISTRIBUTION, ETC.
Place of publication, distribution, etc. New York :
Name of publisher, distributor, etc. Frederick A Praeger, Publishers,
Date of publication, distribution, etc. 1960.
300 ## - PHYSICAL DESCRIPTION
Extent 240 pages :
Other physical details Illustrations ;
Dimensions 23 cm.
336 ## - CONTENT TYPE
Source rdamedia
Content type term text
Content type code txt
337 ## - MEDIA TYPE
Source rdamedia
Media type term unmediated
Media type code n
338 ## - CARRIER TYPE
Source rdamedia
Carrier type term volume
Carrier type code nc
504 ## - BIBLIOGRAPHY, ETC. NOTE
Bibliography, etc. note Includes bibliographical references.
700 ## - ADDED ENTRY--PERSONAL NAME
Personal name Neutra, Richard Joseph
Dates associated with a name 1892-1970
Relator term Editor
Fuller form of name Richard Joseph Neutra
942 ## - ADDED ENTRY ELEMENTS (KOHA)
Source of classification or shelving scheme Library of Congress Classification
Koha item type Ordinary Loan Books
Classification part NA737 RIC
Call number prefix NA
Call number suffix RIC
Suppress in OPAC No
Holdings
Withdrawn status Lost status Source of classification or shelving scheme Damaged status Not for loan Collection Home library Current library Shelving location Date acquired Source of acquisition Cost, normal purchase price Total Checkouts Full call number Barcode Date last seen Accession number Cost, replacement price Price effective from Koha item type Public note
    LCC     NFIC MAIN MAIN GEN 09/18/2024 National Gallery of Zimbabwe 20.00   NA737 RIC 92004052566 09/18/2024 59407 20.00 09/18/2024 BOOKS Donation